Detalles MARC
| 000 -CABECERA |
| Longitud fija campo de control |
01482nam a2200433 c 4500 |
| 001 - NÚMERO DE CONTROL |
| Número de control |
4257 |
| 003 - IDENTIFICADOR DE NÚMERO DE CONTROL |
| Identificador del número de control |
ES-MaCES |
| 005 - FECHA Y HORA DE LA ÚLTIMA TRANSACCIÓN |
| Fecha y hora de la última transacción |
20180131142510.0 |
| 008 - CAMPO FIJO DE DESCRIPCIÓN FIJA--INFORMACIÓN GENERAL |
| Códigos de información de longitud fija |
961024s1996 sz ||| | spa d |
| 020 ## - ISBN (INTERNATIONAL STANDARD BOOK NUMBER) |
| Número Internacional Normalizado para Libros (ISBN) |
9223098718 (v. 1) |
| 035 ## - NÚMERO DE CONTROL DEL SISTEMA |
| Número de control del sistema |
CES19980042927m |
| 040 ## - FUENTE DE CATALOGACIÓN |
| Centro catalogador de origen |
ES-MaCES |
| Lengua de catalogación |
spa |
| Centro transcriptor |
ES-MaCES |
| 111 2# - ENCABEZAMIENTO PRINCIPAL--NOMBRE DE REUNIÓN |
| Nombre de congreso o jurisdicción como elemento de entrada |
Conferencia Internacional del Trabajo |
| Unidad subordinada |
Reunión |
| Número del congreso o número de parte o sección de la obra |
83ª |
| Fecha del congreso |
1996 |
| Sede del congreso |
Ginebra |
| 9 (RLIN) |
154 |
| 245 10 - MENCIÓN DE TÍTULO |
| Título |
Políticas de empleo en una economía mundializada |
| Mención de responsabilidad, etc. |
Conferencia Internacional del Trabajo, 83ª Reunión, 1996 |
| 250 ## - MENCIÓN DE EDICIÓN |
| Mención de edición |
1ª ed |
| 260 ## - PUBLICACIÓN, DISTRIBUCIÓN, ETC (PIE DE IMPRENTA) |
| Lugar de publicación, distribución, etc. |
Ginebra |
| Nombre del editor, distribuidor, etc. |
Oficina Internacional del Trabajo |
| Fecha de publicación, distribución, etc. |
1996 |
| 300 ## - DESCRIPCIÓN FÍSICA |
| Extensión |
v. |
| Dimensiones |
24 cm |
| 500 ## - NOTA GENERAL |
| Nota general |
En la port., además: Quinto punto del orden del día |
| 505 0# - NOTA DE CONTENIDO FORMATEADA |
| Nota de contenido con formato |
Contiene: Informe V |
| 541 ## - NOTA DE LA FUENTE INMEDIANTE DE ADQUISICIÓN |
| Forma de adquisición |
Suscripción conjunta |
| 650 #4 - ASIENTO SECUNDARIO DE MATERIA--TÉRMINO DE MATERIA |
| Término de materia o nombre geográfico como elemento inicial |
nuevo orden económico internacional |
| 9 (RLIN) |
29223 |
| 650 #4 - ASIENTO SECUNDARIO DE MATERIA--TÉRMINO DE MATERIA |
| Término de materia o nombre geográfico como elemento inicial |
mercado de trabajo |
| 9 (RLIN) |
28292 |
| 650 #4 - ASIENTO SECUNDARIO DE MATERIA--TÉRMINO DE MATERIA |
| Término de materia o nombre geográfico como elemento inicial |
estructura del empleo |
| 9 (RLIN) |
28304 |
| 650 #4 - ASIENTO SECUNDARIO DE MATERIA--TÉRMINO DE MATERIA |
| Término de materia o nombre geográfico como elemento inicial |
desempleo |
| 9 (RLIN) |
28308 |
| 650 #4 - ASIENTO SECUNDARIO DE MATERIA--TÉRMINO DE MATERIA |
| Término de materia o nombre geográfico como elemento inicial |
país en desarrollo |
| 9 (RLIN) |
27092 |
| 650 #4 - ASIENTO SECUNDARIO DE MATERIA--TÉRMINO DE MATERIA |
| Término de materia o nombre geográfico como elemento inicial |
país desarrollado |
| 9 (RLIN) |
27091 |
| 650 #4 - ASIENTO SECUNDARIO DE MATERIA--TÉRMINO DE MATERIA |
| Término de materia o nombre geográfico como elemento inicial |
país |
| 9 (RLIN) |
26788 |
| 650 #4 - ASIENTO SECUNDARIO DE MATERIA--TÉRMINO DE MATERIA |
| Término de materia o nombre geográfico como elemento inicial |
tránsito |
| 9 (RLIN) |
28064 |
| 650 #4 - ASIENTO SECUNDARIO DE MATERIA--TÉRMINO DE MATERIA |
| Término de materia o nombre geográfico como elemento inicial |
economía de mercado |
| 9 (RLIN) |
29377 |
| 650 #4 - ASIENTO SECUNDARIO DE MATERIA--TÉRMINO DE MATERIA |
| Término de materia o nombre geográfico como elemento inicial |
1980-1995 |
| 9 (RLIN) |
31145 |
| 650 #4 - ASIENTO SECUNDARIO DE MATERIA--TÉRMINO DE MATERIA |
| Término de materia o nombre geográfico como elemento inicial |
comparación |
| 9 (RLIN) |
28892 |
| 650 #4 - ASIENTO SECUNDARIO DE MATERIA--TÉRMINO DE MATERIA |
| Término de materia o nombre geográfico como elemento inicial |
cuadros estadísticos |
| 9 (RLIN) |
28890 |
| 653 10 - TÉRMINO DE INDEXACIÓN--NO CONTROLADO |
| Término no controlado |
Empleo |
| 650 #4 - ASIENTO SECUNDARIO DE MATERIA--TÉRMINO DE MATERIA |
| 9 (RLIN) |
28300 |
| Término de materia o nombre geográfico como elemento inicial |
política de empleo |
| 710 2# - ENCABEZAMIENTO SECUNDARIO--NOMBRE CORPORATIVO |
| 9 (RLIN) |
4718 |
| Nombre de entidad o nombre de jurisdicción como elemento inicial |
Organización Internacional del Trabajo |
| Término indicativo de función |
ed. |
| 902 ## - CES. TIPO DE DOCUMENTO |
| Tipodoc (006$c Sirtex) |
LIB Libro |
| 942 ## - ELEMENTOS KOHA |
| Fuente de clasificaión o esquema |
Clasificación propia del CES |
| Koha [por defecto] tipo de item |
Monografías |
| Parte de clasificación |
2.1. |